| 000 | 00479nam a22001817a 4500 | ||
|---|---|---|---|
| 005 | 20180209124702.0 | ||
| 008 | 160428b xxu||||| |||| 00| 0 eng d | ||
| 020 | _a0-07-049958-6 | ||
| 041 | _aeng | ||
| 082 |
_b00574 _a006.6 |
||
| 100 |
_aXiang, Zhigang AND Plastock, Roy _94138 |
||
| 245 | _aSchaum's Outlines Computer Graphics | ||
| 250 | _a2nd ed. | ||
| 260 |
_aNew Delhi _bTata MC Graw Hill, _c2004 |
||
| 300 | _a347 | ||
| 650 |
_aInformation Technology _9137 |
||
| 942 | _cBK | ||
| 999 |
_c164 _d164 |
||